| 000 | 01364cad a22002535a 4500 | ||
|---|---|---|---|
| 001 | L147510 | ||
| 008 | 090519s2004 xxk f s s000 0 eng d | ||
| 020 | _a0755937910 | ||
| 022 | 1 | _a0950-2254 | |
| 035 | _a(Sirsi) u147510 | ||
| 041 | 0 | _aeng | |
| 050 | 0 | 4 | _a306.1 $2 18 |
| 100 | 1 | _aRugg, Julie | |
| 245 | 0 | 4 |
_aLead tenancy schemes in Scotland _h[electronic resource] |
| 260 |
_aEdinburgh _bScottish Executive Social Research _c2004 |
||
| 505 | 2 | _aExecutive summary -- Chapter one: introduction -- Chapter two: the rationale for lead tenancy schemes -- Chapter three: lead tenancy schems in operation -- Chapter four: an evaluation of lead tenency schemes -- Chapter five: conclusion -- Bibliography | |
| 520 | _aDiscusses and evaluates the success of the Lead Tenancy Scheme (LTS), which was introduced in 1992. The aim of the LTS was to provide grants to help to pay for the refurbishment of empty properties in private ownership, which would then be leased to a Registered Social Landlord to house homeless households. | ||
| 521 | _aAdvanced | ||
| 651 | 4 |
_aScotland _y1999- |
|
| 690 | _aPROPERTY-RESIDENTIAL PROPERTY-RESIDENTIAL LANDLORD AND TENANT-RESIDENTIAL TENANCIES | ||
| 700 | 1 | _aRhodes, David | |
| 856 | 4 | 0 |
_uhttps://www.scotland.gov.uk/Publications/2004/09/19905/42693 _zView the report free of charge at www.scotland.gov.uk... |
| 942 | _n0 | ||
| 999 |
_c109593 _d109593 |
||